00313nam a2200121Ia 4500008004100000082001900041100001400060245004800074250001300122260004000135300000800175650000800183191201s2008 xx 000 0 und d a621.38216bPRF aPARSAD, P 0aFunctional Aspects of Communications Skills aRev. 4th aN.DelhibS K Kataria and Sonsc2008 a318 aMCA